000
00199 a2200097 4500
001
91378
082
_a
150 SCO
090
_c
43500
_d
43499
100
_a
The Luscher
245
_a
Color Test
_c
The Luscher
942
_a
CAE NUST
_k
150 SCO
999
_c
326451
_d
326451